000 00326nam a2200133Ia 4500
005 20260328101445.0
008 260328s9999||||xx |||||||||||||| ||und||
100 _aPicó, Josep
245 0 _aModernidad y PostModernidad /
_cJosep Picó
260 _bAlianza
300 _a385 p.
650 _aARQUITECTURA MODERNA
942 _cBK
999 _c8421
_d8421